[Event "DEM U12 2024"]
[Site "Willingen GER"]
[Date "2024.05.19"]
[Round "2"]
[White "Marynychenko, Yehor"]
[Black "Stehning, Toni"]
[Result "1-0"]
[Termination "normal"]
[Board "6"]
[WhiteElo "1898"]
[BlackElo "1823"]
[WhiteClock "00:56:16"]
[BlackClock "00:03:17"]
[PlyCount "62"]
[WhiteFideId "34160558"]
[BlackFideId "34623477"]
[EventCountry "GER"]
[EventRounds "9"]
[EventType "swiss"]
[EventDate "2024.05.18"]

1. e4 {[%clk 01:30:57]} {[%emt 00:00:02]} e5 {[%clk 01:30:26]} {[%emt
00:00:34]} 2. Nc3 {[%clk 01:31:22]} {[%emt 00:00:05]} Nf6 {[%clk 01:30:48]}
{[%emt 00:00:08]} 3. f4 {[%clk 01:31:49]} {[%emt 00:00:04]} d5 {[%clk
01:31:07]} {[%emt 00:00:11]} 4. fxe5 {[%clk 01:32:15]} {[%emt 00:00:04]} Nxe4
{[%clk 01:31:25]} {[%emt 00:00:11]} 5. Nf3 {[%clk 01:32:40]} {[%emt 00:00:05]}
Be7 {[%clk 01:30:59]} {[%emt 00:00:56]} 6. Qe2 {[%clk 01:33:01]} {[%emt
00:00:09]} Nxc3 {[%clk 01:29:37]} {[%emt 00:01:52]} 7. dxc3 {[%clk 01:32:30]}
{[%emt 00:01:01]} c5 {[%clk 01:25:23]} {[%emt 00:04:44]} 8. Bf4 {[%clk
01:31:28]} {[%emt 00:01:31]} Nc6 {[%clk 01:16:31]} {[%emt 00:09:23]} 9. O-O-O
{[%clk 01:30:07]} {[%emt 00:01:51]} Be6 {[%clk 01:15:13]} {[%emt 00:01:49]} 10.
Qf2 {[%clk 01:25:23]} {[%emt 00:05:13]} Qa5 {[%clk 01:09:03]} {[%emt 00:06:40]}
11. a3 {[%clk 01:23:06]} {[%emt 00:02:48]} b5 {[%clk 01:06:01]} {[%emt
00:03:31]} 12. Bd2 {[%clk 01:15:34]} {[%emt 00:08:02]} Qa4 {[%clk 01:01:50]}
{[%emt 00:04:42]} 13. Be3 {[%clk 01:11:24]} {[%emt 00:04:40]} c4 {[%clk
00:48:53]} {[%emt 00:13:27]} 14. Qg3 {[%clk 01:08:11]} {[%emt 00:03:42]} O-O-O
{[%clk 00:42:19]} {[%emt 00:07:04]} 15. Nd4 {[%clk 01:06:25]} {[%emt 00:02:16]}
Nxd4 {[%clk 00:40:15]} {[%emt 00:02:34]} 16. Bxd4 {[%clk 01:06:20]} {[%emt
00:00:35]} Bf5 {[%clk 00:39:10]} {[%emt 00:01:35]} 17. Qf2 {[%clk 01:06:15]}
{[%emt 00:00:34]} Bg5+ {[%clk 00:38:08]} {[%emt 00:01:33]} 18. Kb1 {[%clk
01:06:37]} {[%emt 00:00:08]} Bg6 {[%clk 00:37:50]} {[%emt 00:00:49]} 19. Bxa7
{[%clk 01:06:40]} {[%emt 00:00:27]} Be7 {[%clk 00:33:18]} {[%emt 00:05:01]} 20.
g3 {[%clk 01:03:13]} {[%emt 00:03:57]} Kb7 {[%clk 00:28:07]} {[%emt 00:05:41]}
21. Be3 {[%clk 01:00:59]} {[%emt 00:02:44]} Bxa3 {[%clk 00:13:59]} {[%emt
00:14:38]} 22. bxa3 {[%clk 00:59:32]} {[%emt 00:01:58]} Qb3+ {[%clk 00:13:01]}
{[%emt 00:01:28]} 23. Kc1 {[%clk 00:59:32]} {[%emt 00:00:29]} Qxa3+ {[%clk
00:11:46]} {[%emt 00:01:45]} 24. Kd2 {[%clk 00:58:07]} {[%emt 00:01:54]} d4
{[%clk 00:09:56]} {[%emt 00:02:22]} 25. Bxd4 {[%clk 00:58:03]} {[%emt
00:00:33]} Kc7 {[%clk 00:09:38]} {[%emt 00:00:48]} 26. Ke1 {[%clk 00:57:05]}
{[%emt 00:01:28]} Qa5 {[%clk 00:06:15]} {[%emt 00:03:54]} 27. Bg2 {[%clk
00:56:05]} {[%emt 00:01:28]} Bh5 {[%clk 00:03:25]} {[%emt 00:03:21]} 28. Bf3
{[%clk 00:56:25]} {[%emt 00:00:10]} Rxd4 {[%clk 00:03:22]} {[%emt 00:00:34]}
29. Qxd4 {[%clk 00:55:45]} {[%emt 00:01:09]} Bxf3 {[%clk 00:03:46]} {[%emt
00:00:07]} 30. Rf1 {[%clk 00:55:52]} {[%emt 00:00:22]} Bxd1 {[%clk 00:03:49]}
{[%emt 00:00:27]} 31. Rxf7+ {[%clk 00:56:16]} {[%emt 00:00:06]} Kc8 {[%clk
00:03:17]} {[%emt 00:01:00]} 1-0

[Event "DEM U12 2024"]
[Site "Willingen GER"]
[Date "2024.05.20"]
[Round "3"]
[White "Franke, Moritz"]
[Black "Tarasenko, Nazar"]
[Result "0-1"]
[Termination "normal"]
[Board "7"]
[WhiteElo "1599"]
[BlackElo "2062"]
[WhiteClock "01:24:57"]
[BlackClock "01:24:39"]
[PlyCount "120"]
[WhiteFideId "34629475"]
[BlackFideId "34161430"]
[EventCountry "GER"]
[EventRounds "9"]
[EventType "swiss"]
[EventDate "2024.05.18"]

1. e4 {[%clk 01:30:51]} {[%emt 00:00:08]} c5 {[%clk 01:30:57]} {[%emt
00:00:04]} 2. Nf3 {[%clk 01:31:05]} {[%emt 00:00:16]} d6 {[%clk 01:30:42]}
{[%emt 00:00:45]} 3. Nc3 {[%clk 01:30:41]} {[%emt 00:00:54]} Nf6 {[%clk
01:29:35]} {[%emt 00:01:37]} 4. e5 {[%clk 01:30:39]} {[%emt 00:00:32]} dxe5
{[%clk 01:29:03]} {[%emt 00:01:02]} 5. Nxe5 {[%clk 01:30:46]} {[%emt 00:00:22]}
e6 {[%clk 01:26:46]} {[%emt 00:02:47]} 6. Bb5+ {[%clk 01:27:32]} {[%emt
00:03:44]} Nbd7 {[%clk 01:26:56]} {[%emt 00:00:21]} 7. Bxd7+ {[%clk 01:26:27]}
{[%emt 00:01:34]} Nxd7 {[%clk 01:27:09]} {[%emt 00:00:18]} 8. d4 {[%clk
01:25:28]} {[%emt 00:01:29]} cxd4 {[%clk 01:20:22]} {[%emt 00:07:17]} 9. Qxd4
{[%clk 01:25:39]} {[%emt 00:00:17]} Bc5 {[%clk 01:17:23]} {[%emt 00:03:30]} 10.
Qf4 {[%clk 01:23:24]} {[%emt 00:02:44]} O-O {[%clk 01:17:28]} {[%emt 00:00:26]}
11. Nxd7 {[%clk 01:23:45]} {[%emt 00:00:10]} Bxd7 {[%clk 01:17:45]} {[%emt
00:00:11]} 12. O-O {[%clk 01:23:46]} {[%emt 00:00:30]} Qe7 {[%clk 01:15:46]}
{[%emt 00:02:28]} 13. Ne4 {[%clk 01:22:20]} {[%emt 00:01:56]} e5 {[%clk
01:12:36]} {[%emt 00:03:42]} 14. Qg3 {[%clk 01:21:31]} {[%emt 00:01:17]} Bb6
{[%clk 01:11:59]} {[%emt 00:01:09]} 15. Be3 {[%clk 01:19:07]} {[%emt 00:02:37]}
f5 {[%clk 01:10:30]} {[%emt 00:02:16]} 16. Bxb6 {[%clk 01:18:25]} {[%emt
00:01:11]} axb6 {[%clk 01:10:55]} {[%emt 00:00:06]} 17. Nc3 {[%clk 01:17:13]}
{[%emt 00:01:41]} f4 {[%clk 01:11:03]} {[%emt 00:00:23]} 18. Qf3 {[%clk
01:16:00]} {[%emt 00:01:41]} Bc6 {[%clk 01:11:14]} {[%emt 00:00:20]} 19. Ne4
{[%clk 01:15:01]} {[%emt 00:01:28]} Qb4 {[%clk 01:11:17]} {[%emt 00:00:28]} 20.
Rfe1 {[%clk 01:14:36]} {[%emt 00:00:55]} Rxa2 {[%clk 01:10:47]} {[%emt
00:01:01]} 21. Qb3+ {[%clk 01:13:28]} {[%emt 00:01:38]} Qxb3 {[%clk 01:10:36]}
{[%emt 00:00:41]} 22. cxb3 {[%clk 01:13:50]} {[%emt 00:00:07]} Rxa1 {[%clk
01:11:04]} {[%emt 00:00:03]} 23. Rxa1 {[%clk 01:14:01]} {[%emt 00:00:19]} Bxe4
{[%clk 01:11:29]} {[%emt 00:00:05]} 24. Re1 {[%clk 01:14:17]} {[%emt 00:00:12]}
Rd8 {[%clk 01:11:14]} {[%emt 00:00:46]} 25. h3 {[%clk 01:14:44]} {[%emt
00:00:04]} Bc2 {[%clk 01:11:19]} {[%emt 00:00:25]} 26. Rxe5 {[%clk 01:15:02]}
{[%emt 00:00:11]} Bxb3 {[%clk 01:11:47]} {[%emt 00:00:03]} 27. Rb5 {[%clk
01:15:23]} {[%emt 00:00:09]} Bd5 {[%clk 01:12:07]} {[%emt 00:00:10]} 28. Rxb6
{[%clk 01:15:37]} {[%emt 00:00:16]} Bc6 {[%clk 01:12:32]} {[%emt 00:00:05]} 29.
Rb4 {[%clk 01:15:46]} {[%emt 00:00:20]} Rd1+ {[%clk 01:12:53]} {[%emt
00:00:10]} 30. Kh2 {[%clk 01:16:11]} Rd2 {[%clk 01:13:16]} {[%emt 00:00:12]}
31. Rxf4 {[%clk 01:16:24]} Rxb2 {[%clk 01:13:40]} {[%emt 00:00:23]} 32. Kg3
{[%clk 01:16:46]} {[%emt 00:00:08]} Rb3+ {[%clk 01:14:03]} {[%emt 00:00:07]}
33. f3 {[%clk 01:17:08]} {[%emt 00:00:08]} Rc3 {[%clk 01:14:13]} {[%emt
00:00:20]} 34. Rb4 {[%clk 01:17:29]} {[%emt 00:00:09]} b5 {[%clk 01:14:39]}
{[%emt 00:00:04]} 35. Kf2 {[%clk 01:17:36]} {[%emt 00:00:22]} Rc2+ {[%clk
01:14:57]} {[%emt 00:00:13]} 36. Kf1 {[%clk 01:17:43]} {[%emt 00:00:22]} Bd5
{[%clk 01:15:16]} {[%emt 00:00:11]} 37. Ke1 {[%clk 01:17:44]} {[%emt 00:00:28]}
Bc4 {[%clk 01:15:42]} {[%emt 00:00:06]} 38. g3 {[%clk 01:17:33]} {[%emt
00:00:39]} Re2+ {[%clk 01:16:07]} {[%emt 00:00:06]} 39. Kd1 {[%clk 01:17:53]}
{[%emt 00:00:09]} Rf2 {[%clk 01:16:32]} {[%emt 00:00:06]} 40. Kc1 {[%clk
01:17:31]} {[%emt 00:00:52]} Rxf3 {[%clk 01:16:57]} {[%emt 00:00:05]} 41. Rb2
{[%clk 01:17:52]} {[%emt 00:00:09]} Rf1+ {[%clk 01:17:18]} {[%emt 00:00:09]}
42. Kc2 {[%clk 01:18:14]} {[%emt 00:00:08]} Rf2+ {[%clk 01:17:43]} {[%emt
00:00:05]} 43. Kc3 {[%clk 01:18:33]} {[%emt 00:00:11]} Rxb2 {[%clk 01:18:07]}
{[%emt 00:00:07]} 44. Kxb2 {[%clk 01:18:58]} {[%emt 00:00:04]} b4 {[%clk
01:18:30]} {[%emt 00:00:08]} 45. Kc1 {[%clk 01:19:18]} {[%emt 00:00:10]} b3
{[%clk 01:18:56]} {[%emt 00:00:04]} 46. Kb2 {[%clk 01:19:39]} {[%emt 00:00:09]}
g5 {[%clk 01:19:20]} {[%emt 00:00:06]} 47. h4 {[%clk 01:19:54]} {[%emt
00:00:14]} g4 {[%clk 01:19:46]} {[%emt 00:00:05]} 48. Kc3 {[%clk 01:20:17]}
{[%emt 00:00:06]} Kf7 {[%clk 01:20:11]} {[%emt 00:00:05]} 49. Kb2 {[%clk
01:20:39]} {[%emt 00:00:09]} Ke6 {[%clk 01:20:36]} {[%emt 00:00:05]} 50. Kc3
{[%clk 01:21:04]} {[%emt 00:00:04]} Ke5 {[%clk 01:21:02]} {[%emt 00:00:05]} 51.
Kb2 {[%clk 01:21:24]} {[%emt 00:00:09]} Ke4 {[%clk 01:21:28]} {[%emt 00:00:05]}
52. Kc3 {[%clk 01:21:48]} {[%emt 00:00:05]} Kf3 {[%clk 01:21:54]} {[%emt
00:00:04]} 53. Kb2 {[%clk 01:22:14]} {[%emt 00:00:04]} Kxg3 {[%clk 01:22:17]}
{[%emt 00:00:07]} 54. Kc3 {[%clk 01:22:42]} {[%emt 00:00:03]} Kh2 {[%clk
01:22:35]} {[%emt 00:00:12]} 55. Kb2 {[%clk 01:23:01]} {[%emt 00:00:11]} g3
{[%clk 01:23:00]} {[%emt 00:00:05]} 56. Kc3 {[%clk 01:23:27]} {[%emt 00:00:04]}
g2 {[%clk 01:23:23]} {[%emt 00:00:07]} 57. Kb2 {[%clk 01:23:44]} {[%emt
00:00:13]} g1=Q {[%clk 01:23:40]} {[%emt 00:00:13]} 58. Kc3 {[%clk 01:24:08]}
{[%emt 00:00:05]} Qc1+ {[%clk 01:24:00]} {[%emt 00:00:09]} 59. Kd4 {[%clk
01:24:28]} {[%emt 00:00:11]} b2 {[%clk 01:24:20]} {[%emt 00:00:10]} 60. Ke5
{[%clk 01:24:57]} {[%emt 00:00:02]} b1=R {[%clk 01:24:39]} {[%emt 00:00:11]}
0-1

[Event "DEM U12 2024"]
[Site "Willingen GER"]
[Date "2024.05.20"]
[Round "3"]
[White "Fischermann, Simon"]
[Black "Moskalenko, Michael"]
[Result "1/2-1/2"]
[Termination "normal"]
[Board "18"]
[WhiteElo "1791"]
[BlackElo "1578"]
[WhiteClock "01:14:59"]
[BlackClock "00:01:37"]
[PlyCount "117"]
[WhiteFideId "34620869"]
[BlackFideId "34608877"]
[EventCountry "GER"]
[EventRounds "9"]
[EventType "swiss"]
[EventDate "2024.05.18"]

1. e4 {[%clk 01:30:58]} {[%emt 00:00:01]} c5 {[%clk 01:30:57]} {[%emt
00:00:03]} 2. Nf3 {[%clk 01:31:23]} {[%emt 00:00:05]} e6 {[%clk 01:31:23]}
{[%emt 00:00:05]} 3. d4 {[%clk 01:31:48]} {[%emt 00:00:06]} cxd4 {[%clk
01:31:49]} {[%emt 00:00:03]} 4. Nxd4 {[%clk 01:32:11]} {[%emt 00:00:07]} a6
{[%clk 01:32:15]} {[%emt 00:00:04]} 5. Nc3 {[%clk 01:32:36]} {[%emt 00:00:05]}
Qc7 {[%clk 01:32:37]} {[%emt 00:00:08]} 6. Bd3 {[%clk 01:32:59]} {[%emt
00:00:06]} Nf6 {[%clk 01:32:51]} {[%emt 00:00:16]} 7. Qe2 {[%clk 01:32:47]}
{[%emt 00:00:42]} Bd6 {[%clk 01:30:05]} {[%emt 00:03:17]} 8. Bd2 {[%clk
01:29:19]} {[%emt 00:03:58]} O-O {[%clk 01:28:49]} {[%emt 00:01:45]} 9. Ndb5
{[%clk 01:27:00]} {[%emt 00:02:50]} axb5 {[%clk 01:14:57]} {[%emt 00:14:22]}
10. Nxb5 {[%clk 01:27:14]} {[%emt 00:00:16]} Qb6 {[%clk 00:57:02]} {[%emt
00:18:25]} 11. e5 {[%clk 01:26:32]} {[%emt 00:01:12]} Bxe5 {[%clk 00:51:51]}
{[%emt 00:05:41]} 12. Qxe5 {[%clk 01:26:50]} {[%emt 00:00:11]} Qxf2+ {[%clk
00:49:34]} {[%emt 00:02:48]} 13. Kxf2 {[%clk 01:26:34]} {[%emt 00:00:46]} Ng4+
{[%clk 00:49:30]} {[%emt 00:00:34]} 14. Ke2 {[%clk 01:25:21]} {[%emt 00:01:43]}
Nxe5 {[%clk 00:49:09]} {[%emt 00:00:51]} 15. Bb4 {[%clk 01:25:34]} {[%emt
00:00:17]} d6 {[%clk 00:45:00]} {[%emt 00:04:39]} 16. Bxd6 {[%clk 01:24:48]}
{[%emt 00:01:16]} Nxd3 {[%clk 00:36:46]} {[%emt 00:08:44]} 17. Bxf8 {[%clk
01:23:32]} {[%emt 00:01:46]} Nxb2 {[%clk 00:29:42]} {[%emt 00:07:34]} 18. Rab1
{[%clk 01:10:59]} {[%emt 00:13:03]} Rxa2 {[%clk 00:25:27]} {[%emt 00:04:46]}
19. Nc3 {[%clk 01:11:14]} {[%emt 00:00:15]} Ra6 {[%clk 00:21:47]} {[%emt
00:04:10]} 20. Bxg7 {[%clk 01:10:23]} {[%emt 00:01:21]} Kxg7 {[%clk 00:22:01]}
{[%emt 00:00:17]} 21. Rxb2 {[%clk 01:10:52]} {[%emt 00:00:01]} e5 {[%clk
00:20:11]} {[%emt 00:02:20]} 22. h3 {[%clk 01:08:35]} {[%emt 00:02:47]} Rg6
{[%clk 00:18:15]} {[%emt 00:02:26]} 23. g4 {[%clk 01:07:40]} {[%emt 00:01:25]}
Bd7 {[%clk 00:16:24]} {[%emt 00:02:20]} 24. Rf1 {[%clk 01:05:51]} {[%emt
00:02:20]} Bc6 {[%clk 00:15:03]} {[%emt 00:01:51]} 25. Ke3 {[%clk 01:05:48]}
{[%emt 00:00:33]} Rh6 {[%clk 00:11:40]} {[%emt 00:03:53]} 26. Ne4 {[%clk
01:05:15]} {[%emt 00:01:03]} Rxh3+ {[%clk 00:05:18]} {[%emt 00:06:51]} 27. Rf3
{[%clk 01:05:38]} {[%emt 00:00:08]} Rh1 {[%clk 00:04:40]} {[%emt 00:01:08]} 28.
Nf2 {[%clk 01:05:54]} {[%emt 00:00:14]} Bxf3 {[%clk 00:03:58]} {[%emt
00:01:12]} 29. Kxf3 {[%clk 01:06:22]} {[%emt 00:00:02]} Rc1 {[%clk 00:04:01]}
{[%emt 00:00:26]} 30. Nd3 {[%clk 01:06:22]} {[%emt 00:00:30]} Rf1+ {[%clk
00:02:21]} {[%emt 00:02:10]} 31. Kg2 {[%clk 01:06:33]} {[%emt 00:00:19]} Rf6
{[%emt 00:00:38]} 32. Rxb7 {[%clk 01:06:00]} {[%emt 00:01:02]} Nc6 {[%clk
00:02:36]} {[%emt 00:00:09]} 33. Rc7 {[%clk 01:06:00]} {[%emt 00:00:30]} Rg6
{[%clk 00:02:23]} {[%emt 00:00:43]} 34. Kh3 {[%clk 01:05:21]} {[%emt 00:01:07]}
Re6 {[%clk 00:01:45]} {[%emt 00:01:08]} 35. Nc5 {[%clk 01:05:04]} {[%emt
00:00:48]} Rh6+ {[%clk 00:01:27]} {[%emt 00:00:49]} 36. Kg3 {[%clk 01:04:25]}
{[%emt 00:01:09]} Nd4 {[%clk 00:01:35]} {[%emt 00:00:22]} 37. Ne4 {[%clk
01:04:38]} {[%emt 00:00:16]} Ra6 {[%clk 00:01:01]} {[%emt 00:01:03]} 38. c4
{[%clk 01:03:11]} {[%emt 00:01:58]} Ne6 {[%clk 00:01:06]} {[%emt 00:00:24]} 39.
Rd7 {[%clk 01:02:22]} {[%emt 00:01:20]} Rc6 {[%clk 00:01:14]} {[%emt 00:00:22]}
40. Nd6 {[%clk 00:59:39]} {[%emt 00:03:12]} Ng5 {[%clk 00:01:10]} {[%emt
00:00:35]} 41. Kh4 {[%clk 00:51:35]} {[%emt 00:08:33]} Kf6 {[%clk 00:10:21]}
{[%emt 00:23:24]} 42. Ne8+ {[%clk 01:20:20]} {[%emt 00:01:45]} Kg6 {[%clk
00:10:06]} {[%emt 00:00:45]} 43. Rd6+ {[%clk 01:19:16]} {[%emt 00:01:34]} Rxd6
{[%clk 00:10:30]} {[%emt 00:00:06]} 44. Nxd6 {[%clk 01:19:41]} {[%emt
00:00:04]} Ne6 {[%clk 00:09:04]} {[%emt 00:01:56]} 45. Nb7 {[%clk 01:19:38]}
{[%emt 00:00:34]} e4 {[%clk 00:08:27]} {[%emt 00:01:07]} 46. c5 {[%clk
01:19:49]} {[%emt 00:00:19]} f5 {[%clk 00:07:11]} {[%emt 00:01:46]} 47. c6
{[%clk 01:19:23]} {[%emt 00:00:56]} e3 {[%clk 00:02:42]} {[%emt 00:04:59]} 48.
gxf5+ {[%clk 01:18:04]} {[%emt 00:01:49]} Kxf5 {[%clk 00:03:02]} {[%emt
00:00:10]} 49. Kg3 {[%clk 01:17:04]} {[%emt 00:01:29]} Ke5 {[%clk 00:01:35]}
{[%emt 00:01:58]} 50. Kf3 {[%clk 01:13:44]} {[%emt 00:03:49]} Nd4+ {[%clk
00:00:36]} {[%emt 00:01:29]} 51. Kxe3 {[%clk 01:14:10]} {[%emt 00:00:04]} Nxc6
{[%clk 00:01:01]} {[%emt 00:00:05]} 52. Nc5 {[%clk 01:14:20]} {[%emt 00:00:21]}
Kf5 {[%clk 00:01:18]} {[%emt 00:00:13]} 53. Kf3 {[%clk 01:14:25]} {[%emt
00:00:25]} h5 {[%clk 00:01:17]} {[%emt 00:00:31]} 54. Ne4 {[%clk 01:14:12]}
{[%emt 00:00:44]} Ne5+ {[%clk 00:01:27]} {[%emt 00:00:20]} 55. Kg3 {[%clk
01:14:17]} {[%emt 00:00:25]} Ng6 {[%clk 00:01:27]} {[%emt 00:00:30]} 56. Nd2
{[%clk 01:14:10]} {[%emt 00:00:37]} Ke5 {[%clk 00:01:37]} {[%emt 00:00:21]} 57.
Nf3+ {[%clk 01:14:23]} {[%emt 00:00:17]} Kf5 {[%clk 00:01:32]} {[%emt
00:00:35]} 58. Nh4+ {[%clk 01:14:46]} {[%emt 00:00:05]} Nxh4 {[%clk 00:01:37]}
{[%emt 00:00:26]} 59. Kxh4 {[%clk 01:14:59]} {[%emt 00:00:18]} 1/2-1/2

[Event "DEM U12 2024"]
[Site "Willingen GER"]
[Date "2024.05.20"]
[Round "3"]
[White "Stehning, Toni"]
[Black "Schmidt, Jossip"]
[Result "1-0"]
[Termination "normal"]
[Board "20"]
[WhiteElo "1823"]
[BlackElo "1601"]
[WhiteClock "00:46:34"]
[BlackClock "00:25:55"]
[PlyCount "110"]
[WhiteFideId "34623477"]
[BlackFideId "34621148"]
[EventCountry "GER"]
[EventRounds "9"]
[EventType "swiss"]
[EventDate "2024.05.18"]

1. e4 {[%clk 01:30:41]} {[%emt 00:00:18]} c5 {[%clk 01:30:51]} {[%emt
00:00:09]} 2. Nf3 {[%clk 01:31:08]} {[%emt 00:00:03]} Nc6 {[%clk 01:29:57]}
{[%emt 00:01:24]} 3. d4 {[%clk 01:31:33]} {[%emt 00:00:06]} cxd4 {[%clk
01:28:58]} {[%emt 00:01:29]} 4. Nxd4 {[%clk 01:31:57]} {[%emt 00:00:06]} g6
{[%clk 01:27:31]} {[%emt 00:01:57]} 5. c4 {[%clk 01:32:17]} {[%emt 00:00:09]}
Bg7 {[%clk 01:25:51]} {[%emt 00:02:09]} 6. Be3 {[%clk 01:32:40]} {[%emt
00:00:09]} Nf6 {[%clk 01:23:19]} {[%emt 00:03:02]} 7. Nc3 {[%clk 01:32:58]}
{[%emt 00:00:13]} d6 {[%clk 01:21:52]} {[%emt 00:01:56]} 8. Be2 {[%clk
01:32:47]} {[%emt 00:00:41]} O-O {[%clk 01:18:43]} {[%emt 00:03:39]} 9. O-O
{[%clk 01:33:13]} {[%emt 00:00:05]} Bd7 {[%clk 01:16:42]} {[%emt 00:02:31]} 10.
Nc2 {[%clk 01:33:22]} {[%emt 00:00:21]} h6 {[%clk 01:08:27]} {[%emt 00:08:44]}
11. Qd2 {[%clk 01:30:34]} {[%emt 00:03:19]} Kh7 {[%clk 01:04:48]} {[%emt
00:04:08]} 12. h3 {[%clk 01:28:01]} {[%emt 00:03:04]} Rc8 {[%clk 00:56:50]}
{[%emt 00:08:28]} 13. Rac1 {[%clk 01:26:15]} {[%emt 00:02:15]} a6 {[%clk
00:54:50]} {[%emt 00:02:30]} 14. Na3 {[%clk 01:19:38]} {[%emt 00:07:08]} Qa5
{[%clk 00:51:25]} {[%emt 00:03:50]} 15. f4 {[%clk 01:14:29]} {[%emt 00:05:43]}
Nxe4 {[%clk 00:50:37]} {[%emt 00:01:18]} 16. Nxe4 {[%clk 01:13:44]} {[%emt
00:01:16]} Qxd2 {[%clk 00:50:37]} {[%emt 00:00:29]} 17. Bxd2 {[%clk 01:13:46]}
{[%emt 00:00:28]} Bxb2 {[%clk 00:50:49]} {[%emt 00:00:18]} 18. Rc3 {[%clk
01:13:29]} {[%emt 00:00:47]} Bxc3 {[%clk 00:46:55]} {[%emt 00:04:24]} 19. Bxc3
{[%clk 01:12:50]} {[%emt 00:01:08]} Nd8 {[%clk 00:42:40]} {[%emt 00:04:46]} 20.
Nb1 {[%clk 00:56:31]} {[%emt 00:16:50]} f5 {[%clk 00:39:19]} {[%emt 00:03:50]}
21. Ned2 {[%clk 00:50:29]} {[%emt 00:06:32]} Ne6 {[%clk 00:33:21]} {[%emt
00:06:28]} 22. Nb3 {[%clk 00:48:46]} {[%emt 00:02:13]} Ba4 {[%clk 00:31:43]}
{[%emt 00:02:08]} 23. Ba1 {[%clk 00:45:35]} {[%emt 00:03:32]} Bxb3 {[%clk
00:27:29]} {[%emt 00:04:54]} 24. axb3 {[%clk 00:45:54]} {[%emt 00:00:11]} Nc5
{[%clk 00:27:28]} {[%emt 00:00:32]} 25. b4 {[%clk 00:44:38]} {[%emt 00:01:45]}
Ne4 {[%clk 00:27:05]} {[%emt 00:00:53]} 26. Bd3 {[%clk 00:44:31]} {[%emt
00:00:37]} e6 {[%clk 00:23:32]} {[%emt 00:04:03]} 27. Rd1 {[%clk 00:37:55]}
{[%emt 00:07:05]} Rfd8 {[%clk 00:20:52]} {[%emt 00:03:12]} 28. Bxe4 {[%clk
00:27:34]} {[%emt 00:10:51]} fxe4 {[%clk 00:20:40]} {[%emt 00:00:41]} 29. Bf6
{[%clk 00:25:34]} {[%emt 00:02:29]} Rd7 {[%clk 00:19:56]} {[%emt 00:01:15]} 30.
c5 {[%clk 00:25:54]} {[%emt 00:00:11]} d5 {[%clk 00:20:07]} {[%emt 00:00:19]}
31. Nc3 {[%clk 00:26:07]} {[%emt 00:00:16]} Rf7 {[%clk 00:19:56]} {[%emt
00:00:41]} 32. Be5 {[%clk 00:26:24]} {[%emt 00:00:13]} Rc6 {[%clk 00:18:27]}
{[%emt 00:02:00]} 33. Ne2 {[%clk 00:26:21]} {[%emt 00:00:33]} Rc8 {[%clk
00:17:31]} {[%emt 00:01:26]} 34. Nd4 {[%clk 00:26:27]} {[%emt 00:00:23]} Re7
{[%clk 00:17:15]} {[%emt 00:00:46]} 35. Bd6 {[%clk 00:26:22]} {[%emt 00:00:36]}
Ree8 {[%clk 00:17:28]} {[%emt 00:00:17]} 36. Rb1 {[%clk 00:26:10]} {[%emt
00:00:41]} Kg8 {[%clk 00:12:30]} {[%emt 00:05:28]} 37. b5 {[%clk 00:23:40]}
{[%emt 00:03:00]} a5 {[%clk 00:10:47]} {[%emt 00:02:13]} 38. b6 {[%clk
00:24:01]} {[%emt 00:00:09]} Rcd8 {[%clk 00:05:05]} {[%emt 00:06:11]} 39. Nb5
{[%clk 00:23:57]} {[%emt 00:00:34]} Kf7 {[%clk 00:03:38]} {[%emt 00:01:58]} 40.
Ra1 {[%clk 00:24:02]} {[%emt 00:00:24]} Rd7 {[%clk 00:00:36]} {[%emt 00:03:32]}
41. Rxa5 {[%clk 00:24:07]} {[%emt 00:00:25]} Rc8 {[%clk 00:29:39]} {[%emt
00:01:28]} 42. Ra7 {[%clk 00:52:54]} {[%emt 00:01:44]} Rc6 {[%clk 00:29:23]}
{[%emt 00:00:46]} 43. Kf2 {[%clk 00:47:17]} {[%emt 00:06:06]} Kf6 {[%clk
00:24:17]} {[%emt 00:05:36]} 44. Ke3 {[%clk 00:45:01]} {[%emt 00:02:46]} Rdxd6
{[%clk 00:23:53]} {[%emt 00:00:54]} 45. Nxd6 {[%clk 00:43:56]} {[%emt
00:01:35]} Rxc5 {[%clk 00:22:54]} {[%emt 00:01:29]} 46. Rxb7 {[%clk 00:44:09]}
{[%emt 00:00:17]} Rc3+ {[%clk 00:23:10]} {[%emt 00:00:15]} 47. Kd2 {[%clk
00:44:34]} {[%emt 00:00:05]} Rd3+ {[%clk 00:23:14]} {[%emt 00:00:25]} 48. Kc2
{[%clk 00:44:45]} {[%emt 00:00:20]} g5 {[%clk 00:23:33]} {[%emt 00:00:10]} 49.
Rf7+ {[%clk 00:45:05]} {[%emt 00:00:10]} Kg6 {[%clk 00:23:59]} {[%emt
00:00:05]} 50. b7 {[%clk 00:45:29]} {[%emt 00:00:06]} Rg3 {[%clk 00:24:11]}
{[%emt 00:00:16]} 51. b8=Q {[%emt 00:00:29]} Rxg2+ {[%clk 00:24:36]} {[%emt
00:00:05]} 52. Kd1 {[%clk 00:45:54]} {[%emt 00:00:07]} e3 {[%clk 00:24:58]}
{[%emt 00:00:08]} 53. Rf6+ {[%clk 00:46:01]} {[%emt 00:00:23]} Kh5 {[%clk
00:25:14]} {[%emt 00:00:14]} 54. Rxh6+ {[%clk 00:46:07]} {[%emt 00:00:24]} Kxh6
{[%clk 00:25:34]} {[%emt 00:00:10]} 55. Qh8+ {[%clk 00:46:34]} {[%emt
00:00:03]} Kg6 {[%clk 00:25:55]} {[%emt 00:00:10]} 1-0